|
|
|
|
| LEADER |
00822nam a2200277 4500 |
| 001 |
DLU050048076 |
| 005 |
##20040223084616.0 |
| 008 |
##040218s2004 nyu 000 0 eng |
| 010 |
# |
# |
|a 2004102307
|
| 020 |
# |
# |
|a 3540208356
|
| 035 |
# |
# |
|a (DLC) 2004102307
|
| 040 |
# |
# |
|a DLC
|c DLC
|
| 042 |
# |
# |
|a pcc
|
| 100 |
# |
# |
|a Guerino, Mazzola,.
|
| 245 |
# |
# |
|a Comprehensive mathematics for computer scientists 1 :
|b sets and numbers, graphs and algebra, logic and machines, linear geometry /
|c Guerino Mazzola, Gerard Milmeister, Jody Weismann.
|
| 250 |
# |
# |
|a 1st ed.
|
| 260 |
# |
# |
|a New York, NY :
|b Springer-Verlag Berlin Heidelberg,
|c 2004.
|
| 263 |
# |
# |
|a 0404
|
| 300 |
# |
# |
|a p.
|c cm.
|
| 994 |
# |
# |
|a DLU
|
| 900 |
# |
# |
|a True
|
| 925 |
# |
# |
|a G
|
| 926 |
# |
# |
|a A
|
| 927 |
# |
# |
|a SH
|
| 980 |
# |
# |
|a Thư viện Trường Đại học Đà Lạt
|